000 00532nam a2200193Ia 4500
005 20260114185712.0
008 008 260114s9999 xx 000 0 eng d
020 _a9781474210331
037 _aEBOOK
040 _aCRL
_beng
_cCRL
041 _aeng
_2eng
084 _qCRL
100 _aPatrick Collinson
_9873333
245 0 _aElizabethans
260 _bBloomsbury
_c2003
856 _uhttps://doi.org/10.5040/9781474210331?locatt=label:secondary_bloomsburyCollections
942 _cEBOOK
999 _c1472281
_d1472281